[Event "Let's Play Chess!"]
[Site "http://www.queenalice.com/game.php?id=776673"]
[Date "2010.5.16"]
[Round "-"]
[White "drose1"]
[Black "beckhamf2000"]
[Result "0-1"]
[WhiteElo "1303"]
[BlackElo "2429"]

1. e4 c5 2. Nf3 Nc6 3. d4 cxd4 4. Nxd4 Nf6 5. Nc3 e5 6. Ndb5 d6 7. Bg5 a6 8. Na3
b5 9. Bxf6 gxf6 10. Nd5 Bg7 11. Bd3 Ne7 12. Nxe7 Qxe7 13. Qf3 f5 14. exf5 e4 15.
Qxe4 Bxb2 16. Qxe7+ Kxe7 17. Rb1 Bxa3 18. O-O Bc5 19. h3 Kf6 20. g4 Bb7 0-1

[Event "Let's Play Chess!"]
[Site "http://www.queenalice.com/game.php?id=776675"]
[Date "2010.5.17"]
[Round "-"]
[White "drose1"]
[Black "Michihall"]
[Result "0-1"]
[WhiteElo "1303"]
[BlackElo "1867"]

1. e4 e5 2. Nf3 Nc6 3. Bb5 Nge7 4. Nc3 g6 5. d3 Bg7 6. Bg5 f6 7. Bxc6 Nxc6 8.
Be3 d6 9. Nd5 Be6 10. c4 Bxd5 11. cxd5 Ne7 12. Qb3 b6 13. O-O O-O 14. Rac1 f5
15. Bg5 a5 16. Qc3 Rc8 17. Bxe7 Qxe7 18. Rfe1 Rf7 19. Rc2 fxe4 0-1

[Event "Let's Play Chess!"]
[Site "http://www.queenalice.com/game.php?id=776676"]
[Date "2010.5.16"]
[Round "-"]
[White "beckhamf2000"]
[Black "drose1"]
[Result "1-0"]
[WhiteElo "2520"]
[BlackElo "1100"]

1. e4 e5 2. Nf3 Nc6 3. Bb5 Bc5 4. O-O d6 5. d4 Bxd4 6. Nxd4 exd4 7. Qxd4 Qf6 8.
Bxc6+ bxc6 9. Qa4 Bb7 10. Nc3 Nh6 11. Nd5 Qd8 12. Bxh6 gxh6 13. Qd4 1-0

[Event "AUTO-OPEN-1979"]
[Site "http://www.queenalice.com/game.php?id=776737"]
[Date "2010.5.17"]
[Round "1"]
[White "drose1"]
[Black "Dcar"]
[Result "0-1"]
[WhiteElo "1303"]
[BlackElo "1664"]

1. e4 Nc6 2. Nc3 d6 3. Bb5 a6 4. Ba4 b5 5. Bb3 g6 6. d3 Nd4 7. Be3 Nc6 8. Nf3 e6
9. d4 Bg7 10. O-O Nh6 11. Qd2 O-O 12. Bxh6 d5 13. Bxg7 Kxg7 0-1

[Event "AUTO-OPEN-1979"]
[Site "http://www.queenalice.com/game.php?id=776738"]
[Date "2010.5.17"]
[Round "1"]
[White "Dcar"]
[Black "drose1"]
[Result "1-0"]
[WhiteElo "1666"]
[BlackElo "1301"]

1. Nf3 Nc6 2. g3 Nf6 3. Bg2 e5 4. d3 Bc5 5. e3 d5 6. O-O Bg4 7. Nc3 d4 8. Na4
Bb6 9. b3 O-O 10. Qe1 Re8 11. Nxb6 cxb6 12. c3 dxc3 13. Qxc3 e4 14. Nd4 1-0

[Event "AUTO-OPEN-1979"]
[Site "http://www.queenalice.com/game.php?id=776739"]
[Date "2010.5.17"]
[Round "1"]
[White "drose1"]
[Black "alvarogoulart"]
[Result "0-1"]
[WhiteElo "1303"]
[BlackElo "1780"]

1. e4 e5 2. Nf3 d6 3. Nc3 Bg4 4. h3 Bh5 5. d3 Nc6 6. Be3 Qf6 7. Be2 Bxf3 8. Bxf3
Nge7 9. Bg4 g6 10. Qf3 Bg7 11. O-O Qxf3 12. Bxf3 Nb4 13. Rfc1 c5 14. a3 Nbc6 15.
Nb5 O-O 16. Nxd6 b6 0-1

[Event "AUTO-OPEN-1979"]
[Site "http://www.queenalice.com/game.php?id=776740"]
[Date "2010.5.17"]
[Round "1"]
[White "alvarogoulart"]
[Black "drose1"]
[Result "1-0"]
[WhiteElo "1784"]
[BlackElo "1303"]

1. e4 e5 2. Nf3 Nc6 3. Bc4 Bc5 4. d3 a6 5. Nc3 d6 6. Ng5 Qf6 7. O-O Nh6 8. Nd5
Qd8 9. Qf3 Be6 10. Nxe6 fxe6 11. Bxh6 gxh6 12. Qh5+ Kd7 13. Qf7+ Ne7 14. Nf6+
Kc6 15. Bxe6 Rf8 16. Bd5+ 1-0

[Event "AUTO-OPEN-1980"]
[Site "http://www.queenalice.com/game.php?id=777049"]
[Date "2010.5.17"]
[Round "1"]
[White "drose1"]
[Black "PlinioSalgado"]
[Result "0-1"]
[WhiteElo "1208"]
[BlackElo "2109"]

1. e4 c5 2. Nf3 e6 3. Nc3 d6 4. d4 cxd4 5. Qxd4 Nc6 6. Qa4 Bd7 7. Bb5 Nf6 8. Bg5
Be7 9. O-O-O O-O 10. Rhe1 a6 11. Bxc6 Bxc6 12. Qd4 Qc7 13. Bxf6 gxf6 14. Re2
Rad8 15. Red2 b5 16. a3 a5 17. b3 Rc8 18. Qd3 b4 19. Nb5 Bxb5 20. Qxb5 Qc3 21.
Kb1 bxa3 22. Qa4 Qb2# 0-1

[Event "AUTO-OPEN-1980"]
[Site "http://www.queenalice.com/game.php?id=777050"]
[Date "2010.5.17"]
[Round "1"]
[White "PlinioSalgado"]
[Black "drose1"]
[Result "1-0"]
[WhiteElo "2083"]
[BlackElo "1303"]

1. e4 e5 2. Nf3 Nc6 3. Bb5 a6 4. Ba4 Nf6 5. O-O Bc5 6. c3 d6 7. d4 exd4 8. cxd4
b5 9. dxc5 bxa4 10. cxd6 Qxd6 11. Qxd6 cxd6 12. Bg5 Bg4 13. Nbd2 Bxf3 14. Bxf6
gxf6 15. Nxf3 Rb8 16. Rab1 Nb4 17. Rfd1 Ke7 18. Rd2 Nxa2 19. Nd4 Rhc8 20. Nf5+
Kd7 21. Rxd6+ Ke8 22. h3 Rc1+ 23. Rxc1 Nxc1 24. Rxa6 Rb4 25. Rxf6 Rxe4 26. Nd6+
Ke7 27. Nxe4 1-0

[Event "AUTO-OPEN-1980"]
[Site "http://www.queenalice.com/game.php?id=777051"]
[Date "2010.5.17"]
[Round "1"]
[White "drose1"]
[Black "zemorais"]
[Result "0-1"]
[WhiteElo "1303"]
[BlackElo "1764"]

1. e4 e5 2. Nf3 Nc6 3. Bb5 Nge7 4. Nc3 a6 5. Ba4 b5 6. Bb3 Ng6 7. d3 Nd4 8. Bd5
c6 9. Bb3 a5 10. a3 a4 11. Ba2 Be7 12. Be3 d5 13. exd5 c5 14. Bxd4 exd4 15. Ne4
Bg4 16. h3 Bxf3 17. Qxf3 O-O 18. O-O Ne5 19. Qg3 Ng6 20. Rfe1 Bh4 21. Qd6 Be7
22. Qxd8 Raxd8 23. b3 axb3 24. Bxb3 f5 0-1

[Event "AUTO-OPEN-1980"]
[Site "http://www.queenalice.com/game.php?id=777052"]
[Date "2010.5.17"]
[Round "1"]
[White "zemorais"]
[Black "drose1"]
[Result "1-0"]
[WhiteElo "1766"]
[BlackElo "1303"]

1. e4 e5 2. Nf3 Nc6 3. Bc4 Bc5 4. c3 Nf6 5. d3 a6 6. Bg5 d6 7. b4 Ba7 8. O-O h6
9. Bxf6 Qxf6 10. d4 Bg4 11. Nbd2 exd4 12. cxd4 Bxd4 13. Qb3 Bxa1 14. Ne1 Bc3 15.
f3 Be6 16. Bxe6 Bxd2 17. Bd5 Nd4 18. Qd3 Bxe1 19. Rxe1 c6 20. Bc4 b5 21. Bb3
Nxb3 22. Qxb3 Qd4+ 23. Kh1 O-O 24. h3 1-0

[Event "AUTO-OPEN-1980"]
[Site "http://www.queenalice.com/game.php?id=777053"]
[Date "2010.5.17"]
[Round "1"]
[White "drose1"]
[Black "cunha"]
[Result "0-1"]
[WhiteElo "1303"]
[BlackElo "2738"]

1. e4 c5 2. Nf3 d6 3. Bb5+ Bd7 4. Nc3 Bxb5 5. Nxb5 Nf6 6. d3 Nc6 7. Bg5 h6 8.
Bh4 a6 9. Bxf6 axb5 10. O-O gxf6 11. Re1 Rg8 12. c3 Qd7 13. Qb3 Qg4 14. g3 Qxf3
15. Qxb5 O-O-O 16. Rac1 Ne5 17. d4 Nd3 18. Re3 Qxf2+ 19. Kh1 Qxe3 20. Rf1 Qxe4+
21. Kg1 Nf4 22. Rxf4 Qxf4 0-1

[Event "AUTO-OPEN-1980"]
[Site "http://www.queenalice.com/game.php?id=777054"]
[Date "2010.5.17"]
[Round "1"]
[White "cunha"]
[Black "drose1"]
[Result "1-0"]
[WhiteElo "2719"]
[BlackElo "1100"]

1. e4 e5 2. Nf3 Nc6 3. Bb5 a6 4. Ba4 Nf6 5. O-O Bc5 6. c3 Nxe4 7. Qe2 Bxf2+ 8.
Kh1 b5 9. Bc2 d5 10. d3 Nxc3 11. Qxf2 Nxb1 12. Rxb1 Bg4 13. Nd4 Qd7 14. Nxc6
Qxc6 15. Qxf7+ Kd8 16. Qxg7 Re8 17. Qxg4 Qxc2 18. Bg5+ Re7 19. Bxe7+ Kxe7 20.
Qg7+ Kd6 21. Rf6+ Kc5 22. Qxc7+ 1-0

[Event "AUTO-OPEN-1983"]
[Site "http://www.queenalice.com/game.php?id=778355"]
[Date "2010.5.20"]
[Round "1"]
[White "deepblue2010"]
[Black "drose1"]
[Result "1-0"]
[WhiteElo "1956"]
[BlackElo "1303"]

1. e4 e5 2. Nf3 Nc6 3. Bb5 Bc5 4. O-O Nf6 5. Nxe5 Nxe5 6. d4 Nxe4 7. dxc5 Nxc5
8. Re1 Qe7 9. f4 f6 10. fxe5 fxe5 11. Qh5+ g6 12. Qxe5 Qxe5 13. Rxe5+ Kf7 14.
Rxc5 d6 15. Rc3 Bf5 16. Bc4+ 1-0

[Event "AUTO-OPEN-1983"]
[Site "http://www.queenalice.com/game.php?id=778356"]
[Date "2010.5.20"]
[Round "1"]
[White "drose1"]
[Black "deepblue2010"]
[Result "0-1"]
[WhiteElo "1303"]
[BlackElo "1954"]

1. e4 c5 2. Nf3 d6 3. Nc3 Nf6 4. g3 e6 5. Bg2 Nc6 6. d3 Be7 7. Be3 O-O 8. O-O a6
9. Re1 e5 10. Qd2 Re8 11. Bg5 Be6 12. a3 Bf8 13. Bxf6 Qxf6 14. Qg5 Qxg5 15. Nxg5
h6 16. Nxe6 fxe6 0-1